Súčasti účtovnej závierky podnikateľov podľa slovenskej právnej úpravy účtovníctva a IAS/IFRS diplomová práca

Gespeichert in:
Bibliographische Detailangaben
1. Verfasser: Šutá, Ivana
Körperschaft: Fakulta hospodárskej informatiky EU. Katedra účtovníctva a audítorstva
Weitere Verfasser: Šulovská, Miriama, 1980-
Format: Buch
Sprache:Slowakisch
Veröffentlicht: Bratislava 2008
Tags: Tag hinzufügen
Keine Tags, Fügen Sie das erste Tag hinzu!

MARC

LEADER 00000nam$a2200000$$$4500
001 0085118
005 20240201120434.6
041 0 |a slo 
044 |a SK 
245 1 0 |a Súčasti účtovnej závierky podnikateľov podľa slovenskej právnej úpravy účtovníctva a IAS/IFRS  |b diplomová práca  |c Ivana Šutá ; škol. Miriama Šulovská 
264 1 |a Bratislava  |c 2008 
300 |a 67 s. 
100 1 |a Šutá, Ivana 
700 1 |a Šulovská, Miriama, 1980- 
710 2 |a Fakulta hospodárskej informatiky EU. Katedra účtovníctva a audítorstva